000 00456nam a2200169Ia 4500
008 230711s9999||||xx |||||||||||||| ||und||
020 _a978-81-224-2723-3
041 _aENG
082 _a620.0042
_bRA-E
100 _aRao,Singiresu S
245 0 _aEngineering Optimization : Theory and Practice
250 _a3rd Ed.
260 _c2013
_aNew Delhi
_bNew Age International Publishers
300 _a754p.
650 _aElectrical Engineering
942 _cBK
999 _c6573
_d6573